LEADER 01259nam0-22003491i-450- 001 990004764950403321 005 20140404162407.0 035 $a000476495 035 $aFED01000476495 035 $a(Aleph)000476495FED01 035 $a000476495 100 $a19990604d1944----km-y0itay50------ba 101 0 $alat 102 $aHU 105 $ay-------001yy 200 1 $aExpeditionis Solymani in Moldaviam et Transsylvaniam libri duo$aDe situ Transsylvaniae, Moldaviae et Transalbinae liber tertius$fAntonius Wrancius Sibenicensis Dalmata$gedidit Colamannus Eperjessy 210 $aBudapest$cK.M. Egyetemi Nyomda$d1944 215 $aXX, 82 p.$d25 cm 225 1 $aBibliotheca scriptorum medii recentisque aevorum$iSaeculum XVI 610 0 $aRomania$aStoria 610 0 $aTurchia$aStoria 676 $a878.04 700 1$aVerancsics,$bAntal$f<1504-1573>$0190361 702 1$aEperjessy,$bColomannus 801 0$aIT$bUNINA$gRICA$2UNIMARC 901 $aBK 912 $a990004764950403321 952 $aP2B-650-BSMRA-8 (h)$bBibl. 29417$fFLFBC 959 $aFLFBC 996 $aExpeditionis Solymani in Moldaviam et Transsylvaniam libri duo$9560599 996 $aDe situ Transsylvaniae, Moldaviae et Transalbinae liber tertius$9560600 997 $aUNINA LEADER 00985nam0-22003251i-450- 001 990006780920403321 005 20001010 035 $a000678092 035 $aFED01000678092 035 $a(Aleph)000678092FED01 035 $a000678092 100 $a20001010d--------km-y0itay50------ba 101 0 $aita 105 $ay-------001yy 200 1 $aAlpe-Adria e iniziativa centro-europea$ecooperazione nell'Alpe-Adria e nell'area danubiana$fLiviana Poropat 210 $aNapoli$cEsi$d1993. 215 $a210 p.$d24 cm 225 1 $aScienze del diritto e dell'economia$v8 610 0 $aCooperazione economica - Regioni alpine 610 0 $aComunità di lavoro Alpe-Adria 676 $a337.14 700 1$aPoropat,$bLiviana$0251402 801 0$aIT$bUNINA$gRICA$2UNIMARC 901 $aBK 912 $a990006780920403321 952 $aCOLLEZ. 1261 (8)$b21372$fFSPBC 959 $aFSPBC 996 $aAlpe-Adria e iniziativa centro-europea$9634792 997 $aUNINA DB $aGEN01 LEADER 00818nam0-2200289 --450 001 9910251858803321 005 20180130122021.0 010 $a978-88-430-6250-8 020 $aIT$b2012-2759 100 $a20180130d2012----kmuy0itay5050 ba 101 2 $aita$agrc 102 $aIT 105 $a 001yy 200 1 $aFisica$eLibro 3.$fAristotele$gintroduzione, traduzione e commento di Monica Ugaglia 210 $aRoma$cCarocci$d2012 215 $a188 p.$d21 cm 225 1 $aClassici$v16 300 $aTesto originale a fronte 700 0$aAristoteles$04207 702 1$aUgaglia,$bMonica 801 0$aIT$bUNINA$gREICAT$2UNIMARC 901 $aBK 912 $a9910251858803321 952 $aP2B 600 CAR ARISTOT. 444A (3) 2012$bBIBL. 2017$fFLFBC 959 $aFLFBC 996 $aPhysica$920008 997 $aUNINA LEADER 04799nam 22006612 450 001 9910450288203321 005 20160331093134.0 010 $a1-107-12054-3 010 $a1-280-42137-1 010 $a9786610421374 010 $a0-511-17469-1 010 $a0-511-04097-0 010 $a0-511-15469-0 010 $a0-511-32524-X 010 $a0-511-54226-7 010 $a0-511-04615-4 035 $a(CKB)1000000000001505 035 $a(EBL)201670 035 $a(OCoLC)475915607 035 $a(SSID)ssj0000124347 035 $a(PQKBManifestationID)11129073 035 $a(PQKBTitleCode)TC0000124347 035 $a(PQKBWorkID)10013874 035 $a(PQKB)10395092 035 $a(UkCbUP)CR9780511542268 035 $a(MiAaPQ)EBC201670 035 $a(Au-PeEL)EBL201670 035 $a(CaPaEBR)ebr10062690 035 $a(CaONFJC)MIL42137 035 $a(EXLCZ)991000000000001505 100 $a20090505d2001|||| uy| 0 101 0 $aeng 135 $aur||||||||||| 181 $ctxt$2rdacontent 182 $cc$2rdamedia 183 $acr$2rdacarrier 200 00$aCognitive ecology of pollination $eanimal behavior and floral evolution /$fedited by Lars Chittka and James D. Thomson$b[electronic resource] 210 1$aCambridge :$cCambridge University Press,$d2001. 215 $a1 online resource (xiii, 344 pages) $cdigital, PDF file(s) 300 $aTitle from publisher's bibliographic system (viewed on 05 Oct 2015). 311 $a0-521-01840-4 311 $a0-521-78195-7 320 $aIncludes bibliographical references. 327 $aThe effect of variation among floral traits on the flower constancy of pollinators / Robert J. Gegear and Terence M. Laverty -- Behavioral and neural mechanisms of learning and memory as determinants of flower constancy / Randolf Menzel -- Subjective evaluation and choice behavior by nectar- and pollen-collecting bees / Keith D. Waddington -- Honeybee vision and floral displays: from detection to close-up recognition / Martin Giurfa and Miriam Lehrer -- Floral scent, olfaction, and scent-driven foraging behavior / Robert A. Raguso -- Adaptation, constraint, and chance in the evolution of flower color and pollinator color vision / Lars Chittka, Johannes Spaethe, Annette Schmidt, Anja Hickelsberger -- Foraging and spatial learning in hummingbirds / Susan D. Healy and T. Andrew Hurly -- Bats as pollinators: foraging energetics and floral adaptations / York Winter and Otto von Helversen -- Vision and learning in some neglected pollinators: beetles, flies, moths, and butterflies / Martha R. Weiss -- Pollinator individuality: when does it matter? / James D. Thomson and Lars Chittka -- Effects of predation risk on pollinators and plants / Reuven Dukas -- Pollinator preference, frequency dependence, and floral evolution / Ann Smithson -- Pollinator-mediated assortative mating: causes and consequences / Kristina Niovi Jones -- Behavioural responses of pollinators to variation in floral display size and their influences on the evolution of floral traits / Kazuharu Ohashi and Tetsukazu Yahara -- The effects of floral design and display on pollinator economics and pollen dispersal / Lawrence D. Harder, Neal M. Williams, Crispin Y. Jordan and William A. Nelson -- Pollinator behavior and plant speciation: looking beyond the "ethological isolation" paradigm / Nickolas M. Waser. 330 $aImportant breakthroughs have recently been made in our understanding of the cognitive and sensory abilities of pollinators: how pollinators perceive, memorise and react to floral signals and rewards; how they work flowers, move among inflorescences and transport pollen. These new findings have obvious implications for the evolution of floral display and diversity, but most existing publications are scattered across a wide range of journals in very different research traditions. This book brings together for the first time outstanding scholars from many different fields of pollination biology, integrating the work of neuroethologists and evolutionary ecologists to present a multi-disciplinary approach. Aimed at graduates and researchers of behavioural and pollination ecology, plant evolutionary biology and neuroethology, it will also be a useful source of information for anyone interested in a modern view of cognitive and sensory ecology, pollination and floral evolution. 606 $aPollinators$xEcophysiology 606 $aPollination 615 0$aPollinators$xEcophysiology. 615 0$aPollination. 676 $a571.8642 702 $aChittka$b Lars$f1963- 702 $aThomson$b James D.$f1950- 801 0$bUkCbUP 801 1$bUkCbUP 906 $aBOOK 912 $a9910450288203321 996 $aCognitive ecology of pollination$9854828 997 $aUNINA LEADER 03238oam 2200709I 450 001 9910459175503321 005 20200520144314.0 010 $a1-136-95756-1 010 $a1-136-95757-X 010 $a1-282-65633-3 010 $a9786612656330 010 $a0-203-84975-2 024 7 $a10.4324/9780203849750 035 $a(CKB)2670000000029308 035 $a(EBL)544037 035 $a(OCoLC)646788160 035 $a(SSID)ssj0000413753 035 $a(PQKBManifestationID)12138386 035 $a(PQKBTitleCode)TC0000413753 035 $a(PQKBWorkID)10383906 035 $a(PQKB)10004574 035 $a(MiAaPQ)EBC544037 035 $a(Au-PeEL)EBL544037 035 $a(CaPaEBR)ebr10402277 035 $a(CaONFJC)MIL265633 035 $a(OCoLC)650085416 035 $a(EXLCZ)992670000000029308 100 $a20180706d2010 uy 0 101 0 $aeng 135 $aur|n|---||||| 181 $ctxt 182 $cc 183 $acr 200 14$aThe challenge of labour in China $estrikes and the changing labour regime in global factories /$fChris King-chi Chan 210 1$aAbingdon, Oxon ;$aNew York :$cRoutledge,$d2010. 215 $a1 online resource (214 p.) 225 1 $aChina policy series ;$v16 300 $aDescription based upon print version of record. 311 $a0-415-62545-9 311 $a0-415-55703-8 320 $aIncludes bibliographical references and index. 327 $aBook Cover; Title; Copyright; Contents; Illustrations; Acknowledgements; Abbreviations; 1 Introduction: Globalisation and Chinese migrant workers; 2 Labour conflict in Shenzhen: A historical review; 3 Community and shop floor culture: A prelude to workers' protest; 4 Strikes and changing power relations in the workplace; 5 Workplace conflict, legal institution and labour regime; 6 International civil society, Chinese trade unionism and workplace representation; 7 Conclusion: Workers' struggle and the changing labour regime in China; Notes; Bibliography; Index 330 $aChina's economic success has been founded partly on relatively cheap labour, especially in the export industries. In recent years, however, there has been growing concern about wages and labour standards in China. This book examines how wages are bargained, fought over and determined in China, by exploring how the pattern of labour conflict has changed over time since the 1970s. It focuses in particular on the city of Shenzhen where labour conflict and workers' protests have been especially prevalent. This book includes a detailed account of the transformation of labour relations and labour 410 0$aChina policy series ;$v16. 606 $aLabor$zChina 606 $aLabor policy$zChina 606 $aIndustrial relations$zChina 606 $aStrikes and lockouts$zChina 608 $aElectronic books. 615 0$aLabor 615 0$aLabor policy 615 0$aIndustrial relations 615 0$aStrikes and lockouts 676 $a331.0951 700 $aChan$b Chris King-chi.$0875838 801 0$bMiAaPQ 801 1$bMiAaPQ 801 2$bMiAaPQ 906 $aBOOK 912 $a9910459175503321 996 $aThe challenge of labour in China$91955868 997 $aUNINA LEADER 05446nam 2200673 a 450 001 9910139576103321 005 20170815154327.0 010 $a1-283-27998-3 010 $a9786613279989 010 $a1-118-16548-9 010 $a1-118-16549-7 035 $a(CKB)2550000000052763 035 $a(EBL)818924 035 $a(OCoLC)757511720 035 $a(SSID)ssj0000540950 035 $a(PQKBManifestationID)11327651 035 $a(PQKBTitleCode)TC0000540950 035 $a(PQKBWorkID)10492055 035 $a(PQKB)10150114 035 $a(MiAaPQ)EBC818924 035 $a(EXLCZ)992550000000052763 100 $a19890627d1990 uy 0 101 0 $aeng 135 $aur|n|---||||| 181 $ctxt 182 $cc 183 $acr 200 10$aRobust estimation and testing$b[electronic resource] /$fRobert G. Staudte, Simon J. Sheather 210 $aNew York $cWiley$dc1990 215 $a1 online resource (382 p.) 225 1 $aWiley series in probability and mathematical statistics. Applied probability and statistics 300 $a"A Wiley-Interscience publication." 311 $a0-471-85547-2 320 $aIncludes bibliographical references and indexes. 327 $aRobust Estimation and Testing; Contents; 1. The Field of Statistics; 1.1 The Role of Statistics in Scientific Inference; 1.1.1 The Scientific Method; 1.1.2 Statistical Support for the Scientific Method; 1.1.3 The Significance of a Result; 1.1.4 The Challenge to Statisticians; 1.2 Recent Trends in Statistics; 1.2.1 Mathematical Statistics; 1.2.2 The Impact of Computers; 1.2.3 Robust Statistics; 1.3 The Case for Descriptive Measures; 1.3.1 Nonparametric Neighborhoods of Parametric Models; 1.3.2 Descriptive Measures; 1.4 The Domain and Range of This Book; 1.5 Problems; 1.6 Complements 327 $a1.6.1 Other Approaches to Robust Statistics1.6.2 Significance of an Experimental Result; 2. Estimating Scale-Finite Sample Results; 2.1 Examples; 2.2 Scale Parameter Families; 2.2.1 Definitions and Properties; 2.2.2 Examples of Continuous Scale Parameter Families; 2.3 Finite Sample Properties of Estimators; 2.3.1 Unbiasedness, Scale Equivariance, and Mean Squared Error; 2.3.2 Estimators of an Exponential Scale Parameter; 2.3.3 Mixture Models for Contamination; 2.3.4 Simulation Results; 2.3.5 Finite Sample Breakdown Point; 2.4 Standard Errors, the Bootstrap 327 $a2.4.1 Traditional Estimates of Standard Error2.4.2 Bootstrap Estimates of Standard Error; 2.4.3 An Illustration of Bootstrap Calculations; 2.4.4 Evaluating the Standard Error Estimates; 2.5 Problems; 2.6 Complements; 2.6.1 The Breakdown Point; 2.6.2 Further Developments on the Bootstrap; 3. Estimating Scale-Asymptotic Results; 3.1 Consistency, Asymptotic Normality, and Efficiency; 3.1.1 Representing Estimators by Descriptive Measures; 3.1.2 Consistency, Asymptotic Normality, and Relative Efficiency; 3.2 Robustness Concepts; 3.2.1 The Breakdown Point; 3.2.2 The Influence Function 327 $a3.2.3* L-Estimators3.2.4* Qualitative Robustness; 3.2.5 Concluding Remarks; 3.3 Descriptive Measures of Scale; 3.3.1 Measures of Scale; 3.3.2 Efficiency in Terms of Standardized Variance; 3.3.3 Simulation Results; 3.3.4 Summary; 3.4* Stability of Estimators on Neighborhoods of the Exponential Scale Parameter Family; 3.4.1 The Relative Efficiency Approach; 3.4.2 The Infinitesimal Approach; 3.5 Estimates of Standard Error; 3.5.1 Influence Function Estimates; 3.5.2 Bootstrap Estimates of Standard Error; 3.6 Problems; 3.7 Complements; 3.7.1 Sensitivity Curve 327 $a3.7.2 Resistant Estimates and Qualitative Robustness3.7.3 Standard and Nonstandard Errors; 4. Location-Dispersion Estimation; 4.1 Introduction and Examples; 4.1.1 Some Initial Questions; 4.1.2 Examples; 4.2 Location-Scale Parameter Families; 4.2.1 Definitions and Properties; 4.2.2 Examples of Location-Scale Families; 4.3 Estimators of Location; 4.3.1 Descriptive Measures of Location; 4.3.2 L-Estimators; 4.3.3 M-Estimators; 4.3.4 R-Estimators; 4.4 Estimators of Dispersion; 4.4.1 Descriptive Measures of Dispersion; 4.4.2 Performance of Some Dispersion Estimators 327 $a4.5 Joint Estimation of Location and Dispersion 330 $aAn introduction to the theory and methods of robust statistics, providing students with practical methods for carrying out robust procedures in a variety of statistical contexts and explaining the advantages of these procedures. In addition, the text develops techniques and concepts likely to be useful in the future analysis of new statistical models and procedures. Emphasizing the concepts of breakdown point and influence functon of an estimator, it demonstrates the technique of expressing an estimator as a descriptive measure from which its influence function can be derived and then used to 410 0$aWiley series in probability and mathematical statistics.$pApplied probability and statistics. 606 $aEstimation theory 606 $aRobust statistics 608 $aElectronic books. 615 0$aEstimation theory. 615 0$aRobust statistics. 676 $a519.5 676 $a519.5/44 676 $a519.544 700 $aStaudte$b Robert G$0102311 701 $aSheather$b Simon J$0102312 801 0$bMiAaPQ 801 1$bMiAaPQ 801 2$bMiAaPQ 906 $aBOOK 912 $a9910139576103321 996 $aRobust estimation and testing$91127790 997 $aUNINA LEADER 01223nam a2200337 i 4500 001 991000717359707536 005 20020507172656.0 008 970604s1972 us ||| | eng 035 $ab10747436-39ule_inst 035 $aLE01301179$9ExL 040 $aDip.to Matematica$beng 082 0 $a511.3 084 $aAMS 01A70 084 $aAMS 03-03 100 1 $aRussell, Bertrand$07043 245 10$aBertrand Russell :$ba collection of critical essays /$cedited by D. F. Pears 250 $a[1st ed.] 260 $aGarden City, N.Y. :$bAnchor Books,$c1972 300 $ax, 387 p. ;$c18 cm. 500 $aModern studies in philosophy, AP 15. 500 $a"A selective, classified Bertrand Russell bibliography, by H. Ruja": p. [357]-387 650 4$aBiographies, personalia, bibliographies 650 4$aLogic-history 650 4$aRussell, Bertrand, 1872-1970 700 1 $aPears, David Francis 907 $a.b10747436$b21-09-06$c28-06-02 912 $a991000717359707536 945 $aLE013 01A RUS11 (1972)$g1$i2013000085449$lle013$o-$pE0.00$q-$rl$s- $t0$u1$v0$w1$x0$y.i10839823$z28-06-02 996 $aBertrand Russell$9270699 997 $aUNISALENTO 998 $ale013$b01-01-97$cm$da $e-$feng$gus $h0$i1